The Award Compact Dictionary : Pronouncing & Etymological

Bibliographic Details
Format: Book
Published: London : Award Publications Limited , 1984
Subjects:

MARC

LEADER 00000cam a2200000 7i4500
001 0000050391
005 20151222.0
008 150709
020 |a 0861631099 
020 |a 9780861631094 
090 0 0 |a DIC   |b ENG (3830) 
245 1 4 |a The Award Compact Dictionary :   |b Pronouncing & Etymological 
260 |a London :   |b Award Publications Limited ,   |c 1984 
500 |a Children ages 7-9 years old (orange) 
650 0 |a Reference   |x English languages 
999 |a 0000776654   |b Book   |c Adult Collection   |e Cawangan Pontian 
999 |a 0000794233   |b Book   |c Children Collection   |e Cawangan Segamat